000
00280nam a22001217a 4500
082
_a
530
_b
ARO/L
100
_a
ARORA, S L
245
_a
LAB MANUAL OF PHYSICS
_b
CLASS XII
260
_a
DELHI
_b
DHANPAT RAI PUBLICATIONS
_c
2024
300
_a
255
650
_a
PHYSICS
_z
INDIA
942
_c
BK
999
_c
6953
_d
6953